| 000 | 00553nam a22001937a 4500 | ||
|---|---|---|---|
| 005 | 20251108164911.0 | ||
| 008 | 250721s1981 xx 000 0 ara d | ||
| 082 | 1 | 4 | _a811.9611/محم |
| 100 | 1 | _aالمرزوقي، محمد | |
| 245 | 1 | 0 |
_aبورقيبيات : _bشعر / |
| 264 | 1 |
_aتونس : _bوزارة الشؤون الثقافية، _c1981. |
|
| 300 | _a61ص | ||
| 490 | 0 | _aمن شعر الكفاح | |
| 650 | 1 | 7 | _aالشعر العربي |
| 650 | 1 | 7 | _aالعصر الحديث |
| 650 | 1 | 7 | _aتونس |
| 942 |
_2ddc _cBK |
||
| 999 |
_c17033 _d17033 |
||